Statistiques concernant Les 20 plus grands ports d'Europe

Cliquez ici pour prendre le quiz!

Statistiques générales

  • Ce quiz a été pris 126 fois
    (104 depuis la dernière actualisation)
  • Le résultat moyen est 12 sur 20

Statistiques - réponses

NumérosPaysVille où se trouve le port% Correct
4èmePays-BasAmsterdam
95%
6èmeFranceMarseille
95%
1erPays-BasRotterdam
95%
2èmeBelgiqueAnvers
89%
9èmeFranceLe Havre
88%
3èmeAllemagneHambourg
86%
16èmeEspagneBarcelone
81%
8èmeEspagneValence
74%
13èmeItalieGênes
72%
17èmeAngleterreLondres
61%
15èmeFranceDunkerque
59%
14èmeUkraineOdessa
54%
7èmeAllemagneBrême
47%
18èmeNorvègeBergen
46%
20èmeSuèdeGöteborg
42%
19èmeBelgiqueBruges
34%
12èmeRoumanieConstanta
26%
11èmeItalieTrieste
23%
5èmeEspagneAlgésiras
19%
10èmeAngleterreGrimsby
5%

Distribution des résultats

Percentile par nombre de réponses

% des personnes avec chaque résultat

Votre développement - résultats

Vous n’avez pas pris ce quiz depuis la dernière actualisation